| 000 | 00399nam a22001337a 4500 | ||
|---|---|---|---|
| 082 |
_a620 _bRED _cN-01, P-89 |
||
| 100 |
_aReddy, Dr P. Jaya Rami _940685 |
||
| 245 |
_aCivil Engineering _cReddy, Dr P. Jaya Rami |
||
| 260 |
_aNew Delhi _bLaxmi Publications Pvt Ltd _c1979 |
||
| 300 |
_a747 p. : _bill, ; _c20 cm. |
||
| 526 |
_a0 _b0 _c0 _d620_000000000000000_RED |
||
| 650 |
_aNUST _96342 |
||
| 942 |
_2ddc _cBK |
||
| 999 |
_c544936 _d544936 |
||